Central Library OPAC University of Rajshahi

The psychology of learning / (Record no. 30680)

MARC details
000 -LEADER
fixed length control field 01096cam a2200337 i 4500
001 - CONTROL NUMBER
control field 30680
003 - CONTROL NUMBER IDENTIFIER
rucl marc code BD-RjUL
005 - DATE AND TIME OF LATEST TRANSACTION
control field 20211209051612.0
008 - FIXED-LENGTH DATA ELEMENTS--GENERAL INFORMATION
fixed length control field 140410s1975 nyua b 001 0 eng
020 ## - INTERNATIONAL STANDARD BOOK NUMBER
International Standard Book Number 0070311501 :
035 ## - SYSTEM CONTROL NUMBER
System control number (BD-RjUL)30767
040 ## - CATALOGING SOURCE
Original cataloging agency DLC
Transcribing agency DLC
Modifying agency DLC
-- BD-RjUL
Language of cataloging eng
041 ## - LANGUAGE CODE
Language code of text/sound track or separate title eng
060 ## - NATIONAL LIBRARY OF MEDICINE CALL NUMBER
Classification number LB1051 H917p
082 00 - DEWEY DECIMAL CLASSIFICATION NUMBER
Classification number 153.15
Author mark and year HUP 1975
100 1# - MAIN ENTRY--PERSONAL NAME
Personal name Hulse, Stewart H.
9 (RLIN) 93200
245 14 - TITLE STATEMENT
Title The psychology of learning /
Statement of responsibility, etc. Stewart H. Hulse, James Deese, Howard Egeth.
250 ## - EDITION STATEMENT
Edition statement 4th ed.
260 ## - PUBLICATION, DISTRIBUTION, ETC. (IMPRINT)
Place of publication, distribution, etc. New York :
Name of publisher, distributor, etc. McGraw-Hill,
Date of publication, distribution, etc. 1975.
300 ## - PHYSICAL DESCRIPTION
Pagination xx, 456 p. :
Illustrations ill. ;
Size 24 cm.
490 0# - SERIES STATEMENT
Series statement McGraw-Hill series in psychology
500 ## - GENERAL NOTE
General note In earlier editions Deese's name appeared first on the title page.
504 ## - BIBLIOGRAPHY, ETC. NOTE
Bibliography, etc Includes Bibliography: p. 419-438 and index.
650 #0 - SUBJECT ADDED ENTRY--TOPICAL TERM
Topical term or geographic name as entry element Learning, Psychology of.
9 (RLIN) 93201
Topical term or geographic name as entry element Psychology, Educational.
9 (RLIN) 92375
700 1# - ADDED ENTRY--PERSONAL NAME
Personal name Deese, James,
Dates associated with a name 1921-
Relator term joint author.
Personal name Egeth, Howard,
Relator term joint author.
942 ## - ADDED ENTRY ELEMENTS (KOHA)
Source of classification or shelving scheme Dewey Decimal Classification
Koha item type Books
Holdings
Lost status Source of classification or shelving scheme Damaged status Not for loan Collection code Permanent Location Current Location Shelving location Date acquired Source of acquisition Cost, normal purchase price Total Checkouts Full call number Date last seen Copy number Koha item type
  Dewey Decimal Classification   Not For Loan Non-fiction Central Library, University of Rajshahi Central Library, University of Rajshahi Reading Room 14/05/1977 Heffers and sons 10.50   153.15 HUP 1975 10/04/2014 C-1 Books
  Dewey Decimal Classification     Non-fiction Central Library, University of Rajshahi Central Library, University of Rajshahi   14/05/1977 Heffers and sons 10.50   153.15 HUP 1975 10/04/2014 C-2 Books